| 000 -LEADER |
| fixed length control field |
00787nam a22002057a 4500 |
| 001 - CONTROL NUMBER |
| control field |
21504 |
| 003 - CONTROL NUMBER IDENTIFIER |
| control field |
BD-DhUAP |
| 005 - DATE AND TIME OF LATEST TRANSACTION |
| control field |
20220115112207.0 |
| 008 - FIXED-LENGTH DATA ELEMENTS--GENERAL INFORMATION |
| fixed length control field |
220109b20142018bg |||| |||| 001 0bben d |
| 020 ## - INTERNATIONAL STANDARD BOOK NUMBER |
| International Standard Book Number |
9789847320045 |
| 040 ## - CATALOGING SOURCE |
| Original cataloging agency |
BD-DhUAP |
| Language of cataloging |
BEN |
| Transcribing agency |
BD-DhUAP |
| Modifying agency |
BD-DhUAP |
| Description conventions |
BD-DhUAP |
| 082 ## - DEWEY DECIMAL CLASSIFICATION NUMBER |
| Edition number |
23 |
| Classification number |
079.5492 SON V-1 |
| 245 ## - TITLE STATEMENT |
| Title |
সংবাদপএে বঙ্গবন্ধু : |
| Remainder of title |
পঞ্চাশের দশক, প্রথম পব / |
| 260 ## - PUBLICATION, DISTRIBUTION, ETC. |
| Place of publication, distribution, etc. |
ঢাকা : |
| Name of publisher, distributor, etc. |
প্রেস ইনস্টিটিউট ; |
| Date of publication, distribution, etc. |
২০১৮ । |
| 300 ## - PHYSICAL DESCRIPTION |
| Extent |
প্রথম খন্ড, ৩৮৪ পৃষ্ঠা: |
| Dimensions |
২২ সে.মি. । |
| 504 ## - BIBLIOGRAPHY, ETC. NOTE |
| Bibliography, etc. note |
Index Present. |
| 650 ## - SUBJECT ADDED ENTRY--TOPICAL TERM |
| General subdivision |
History |
| Geographic subdivision |
Bangladesh. |
| 700 ## - ADDED ENTRY--PERSONAL NAME |
| Personal name |
আলমগীর ,মো: শাহ । |
| 942 ## - ADDED ENTRY ELEMENTS (KOHA) |
| Source of classification or shelving scheme |
|
| Koha item type |
Book |